Ryan Gosling Movies - Statistics

General Stats
  • This quiz has been taken 300 times
    44 since last reset
  • The average score is 9 of 33
Answer Stats
Year Movie % Correct
2023 Barbie
78%
2016 La La Land
78%
2004 The Notebook
69%
2011 Drive
66%
2017 Blade Runner 2049
56%
2011 Crazy, Stupid, Love
53%
2024 The Fall Guy
53%
2016 The Nice Guys
50%
2022 The Gray Man
44%
2018 First Man
38%
2000 Remember the Titans
31%
2010 Blue Valentine
28%
2012 The Place Beyond the Pines
28%
2013 Gangster Squad
22%
2013 Only God Forgives
22%
2005 Stay
22%
2006 Half Nelson
19%
2015 The Big Short
19%
2007 Lars and the Real Girl
16%
2001 The Believer
16%
2026 Project Hail Mary
13%
2007 Fracture
9%
2017 Song to Song
9%
2027 Star Wars: Starfighter
9%
2011 The Ides of March
9%
2010 All Good Things
6%
2002 Murder by Numbers
6%
1998 Nothing Too Good For A Cowboy
6%
2003 The United States of Leland
6%
2002 The Slaughter Rule
3%
2014 Lost River
0%
2025 The Actor
0%
2013 White Shadow
0%
No matching quizzes found
Score Distribution
Percent of People with Each Score
Percentile by Number Answered
Your Score History
You have not taken this quiz since the last reset